| 000 | 00387nam a2200145Ia 4500 | ||
|---|---|---|---|
| 005 | 20250213035936.0 | ||
| 008 | 240331s9999 xx 000 0 und d | ||
| 082 |
_bSHA _25687 _a305.4 |
||
| 100 | _aShahani, R. G | ||
| 245 | 0 |
_aAllan: _bHer Infinite Variety |
|
| 260 |
_aMumbai _bSPARROW _c2000 |
||
| 300 | _a108 p., | ||
| 500 | _aA story about a mother written by her daughter. | ||
| 942 | _cL | ||
| 999 |
_c1710 _d1710 |
||